LEADER 01061nam a2200241 4500 001 000000335490 003 CaOOAMICUS 005 20190827121244.0 008 190725s2009 it a 000 u ita r 040 $aSeMil$bita 100 1 $aCapodici, Salvatore.$0(OLS)http://semarc/name/41347 245 13$aIl Corpo Musicale S. Cecilia e il suo centenario :$bGarbagnate Milanese 1909-2009 : cento anni di musica /$cSalvatore Capodici. 264 3$a[S.l. :$bs.n.],$c2009. 300 $a131 p. :$bill. ;$c24 cm 500 $aEsemplare n. 474 di edizione numerata 541 1 $aFondo card. Angelo Scola 650 4$aGarbagnate Milanese - Bande.$0(OLS)http://semarc/subject/48645 850 $aSeMil 852 $aSeMil$W1$xVenegono$y1$m3P III 456$j216853$B227412$CSeMilBibl$Z2$F227412 $81 941 1 $a6 996 $6245$aIl Corpo Musicale S. Cecilia e il suo centenario :$bGarbagnate Milanese 1909-2009 : cento anni di musica$9(OLS)http://semarc/title/424925 996 $6264$a[S.l. :$bs.n.]$9(OLS)http://semarc/publisher/29751 LEADER 01374nam a2200277 i 4500 001 000000086008 003 CaOOAMICUS 005 20181023123413.0 008 030924s1932 xx u000 u und u 013 $a58248 040 $aSeMil$bita 100 1 $aMansueti, Cesare.$0(OLS)http://semarc/name/38614 245 10$aCome ho visto il Cardinal Ferrari :$bIllustrazioni e documenti inediti /$cCesare Mansueti ; prefazioni di S.E. il Gen. Avv. On. Tommasi D. A e di S. E. Mons. Bussolari A. F. , Arcivescovo di Modena. 260 $aMilano - Como :$bQuaderni di poesia,$cstampa 1932. 300 $a111 p. ;$c20 cm. 490 0 $aCollana agiografica [Quaderni di poesia] 600 14$aFerrari, Andrea Carlo .$0(OLS)http://semarc/subject/1361 700 1 $aBussolari, Antonio Ferdinando.$0(OLS)http://semarc/name/39738 700 1 $aTommasi, Donato Antonio.$0(OLS)http://semarc/name/38615 830 0$aCollana agiografica.$0(OLS)http://semarc/title/419434 850 $aSeMil 852 $aSeMil$W1$xVenegono$y1$m215 1 1 *$j49806$B49806$CSeMilBibl$Z2$F53607 $81 961 $aRecupero: Biblioteca Seminario Saronno 996 $6245$aCome ho visto il Cardinal Ferrari :$bIllustrazioni e documenti inediti$9(OLS)http://semarc/title/132443 996 $6260$aMilano - Como :$bQuaderni di poesia$9(OLS)http://semarc/publisher/32740